[Event "II Criciúma Chess Open - A1700 - 12-18"]
[Site "Criciúma SC"]
[Date "2024.01.13"]
[Round "3.13"]
[White "Schena, Arthur"]
[Black "Caetano, Ryan Wesley Da Cost"]
[Result "0-1"]
[WhiteElo "1878"]
[BlackElo "2184"]
[PlyCount "102"]
[EventDate "2024.01.12"]
[EventRounds "9"]
[EventCountry "BRA"]

1. e4 c5 2. Nf3 d6 3. d4 cxd4 4. Nxd4 Nf6 5. Nc3 a6 6. f3 e5 7. Nb3 Be6 8. Be3
Be7 9. Qd2 O-O 10. O-O-O Nbd7 11. Kb1 b5 12. Qf2 b4 13. Nd5 Bxd5 14. exd5 a5
15. g4 a4 16. Nc1 Ra5 17. Bc4 Qc7 18. b3 $146 ({RR} 18. Qe2 Rc8 19. b3 Nb6 20.
Bxb6 Qxb6 21. Rhf1 Nd7 22. f4 Qc7 23. Bd3 Qc3 24. Qe1 Qxe1 25. Rfxe1 g6 26.
fxe5 Nxe5 27. Bf1 Bf6 28. Re4 Rac5 29. Re2 Nxg4 30. Bh3 h5 31. Rg2 axb3 32.
Nxb3 Rc4 {Ellappen,J (1928)-Rubery,M (2250) Cape Town 2007 0-1 (39)}) 18... Qb7
19. Qd2 axb3 20. cxb3 Rfa8 21. h4 Ne8 22. h5 Nc7 23. g5 Nb5 24. Bxb5 Qxb5 25.
Rh4 Rb8 26. Rc4 Qb7 27. Qc2 Bd8 28. Rc6 Nb6 29. Bxb6 Bxb6 30. Rxd6 Bd4 31. Qc6
Qe7 32. g6 Ra7 33. gxf7+ Qxf7 34. Qc2 Qxf3 35. h6 Rf8 36. Ne2 Be3 37. Rc6 Bxh6
38. d6 Rd7 39. Rc7 Rdd8 40. d7 Bg5 41. Rc8 Bf6 42. Qc4+ Kh8 43. Qxb4 Qf5+ 44.
Rc2 e4 45. Qc5 Qg4 46. Nc3 h6 47. Rf1 Qxd7 48. Nxe4 Qh3 49. Qg1 Be5 50. Rxf8+
Rxf8 51. Qc5 Qh1+ 0-1

[Event "II Criciúma Chess Open - A1700 - 12-18"]
[Site "Criciúma SC"]
[Date "2024.01.13"]
[Round "3.14"]
[White "Labussiere, Yago"]
[Black "Ribeiro, Dionatan Lua Franze"]
[Result "1-0"]
[WhiteElo "2167"]
[BlackElo "1820"]
[PlyCount "41"]
[EventDate "2024.01.12"]
[EventRounds "9"]
[EventCountry "BRA"]

1. d4 d5 2. c4 e6 3. Nf3 Nf6 4. g3 b6 5. cxd5 exd5 6. Bg2 Bd6 ({RR} 6... Be7 7.
Ne5 O-O 8. O-O Bb7 9. Qc2 c5 10. dxc5 bxc5 11. Nc3 Nc6 12. Bf4 Nd4 13. Qd3 Qb6
14. Bg5 Rfd8 15. Rfd1 Qxb2 16. Rab1 Qxc3 17. Rxb7 Qxd3 18. Rxd3 Nxe2+ 19. Kf1
Re8 20. Nc6 Bd8 21. Bxf6 {Pijuan Herranz,M (2206)-Mari Copa,A (2121) Barcelona
ESP 2019 1-0 (32)}) 7. O-O Nbd7 $146 ({RR} 7... Bb7 8. Nc3 a6 9. Nh4 O-O 10.
Nf5 Re8 11. Bg5 Bf8 12. Qc2 g6 13. Nh6+ Kg7 14. f4 Be7 15. f5 Nbd7 16. Rf2 Ne4
17. Nxe4 dxe4 18. Bxe7 Rxe7 19. Ng4 f6 20. fxg6 hxg6 21. Qc1 Qf8 22. Qh6+ {
Murali Krishnan,B (2306)-Bartakke,A (2149) Bhopal 2013 1-0 (32)}) ({RR} 7...
O-O 8. Nc3 Nc6 9. Bg5 Bf5 10. Nxd5 Be4 11. Nc3 Qe7 12. Bxf6 gxf6 13. Nxe4 Qxe4
14. Ne5 Qf5 15. Nxc6 Rae8 16. Re1 a6 17. e4 Qg6 18. e5 fxe5 19. dxe5 Bc5 20. b4
Be7 21. Be4 f5 22. Bd5+ {Cordero,D (1954)-Baqer,F (1204) Baku 2016 1-0 (33)}) (
{RR} 7... O-O 8. Nc3 c6 9. Bg5 Be7 10. Re1 Nbd7 11. Rc1 Bb7 12. a3 h6 13. Bf4
Nh5 14. Bd2 Nhf6 15. Nh4 Re8 16. Nf5 Nf8 17. e4 dxe4 18. Nxe4 Nxe4 19. Bxe4 Rc8
20. Qf3 Ne6 21. Bxh6 Ng5 22. Qg4 {Spelec,D (2063)-Barlotti,G Graz 2006 1-0 (31)
}) 8. Nc3 a6 9. Nh4 Bb7 10. Qb3 c6 11. Nf5 Bf8 12. e4 dxe4 13. Re1 Qc8 14. Nxe4
Nxe4 15. Bxe4 f6 16. Bf4 Kd8 17. Qf7 g5 18. Nd6 Bxd6 19. Bxd6 Re8 20. Qxe8+
Kxe8 21. Bg6+ 1-0

[Event "II Criciúma Chess Open - A1700 - 12-18"]
[Site "Criciúma SC"]
[Date "2024.01.13"]
[Round "3.15"]
[White "Gomes, Maria Eduarda Papin"]
[Black "Bueno, Alfeu Junior Varela"]
[Result "1/2-1/2"]
[WhiteElo "1744"]
[BlackElo "2156"]
[PlyCount "136"]
[EventDate "2024.01.12"]
[EventRounds "9"]
[EventCountry "BRA"]

1. d4 e6 2. g3 f5 3. Bg2 Nf6 4. Nf3 Be7 5. c4 O-O 6. O-O d6 7. b3 Qe8 8. Nc3
Qh5 9. e3 Nbd7 ({RR} 9... c6 10. Ba3 Na6 11. d5 exd5 12. cxd5 c5 13. Nd2 Qh6
14. Bb2 Nc7 15. Nc4 b6 16. Re1 Bb7 17. Qd3 Rae8 18. Rad1 Ba6 19. Qc2 Rd8 20. f4
Bc8 21. a4 Bd7 22. Qd2 Rfe8 23. e4 fxe4 24. Nxe4 {Podzielny,K (2500)-Dgebuadze,
A (2505) Germany 2000 1/2-1/2 (44)}) ({RR} 9... a5 10. Nd2 Qg6 11. Bb2 c6 12.
d5 e5 13. Nf3 c5 14. Qe2 Ne4 15. Nb5 Bd7 16. Nc7 Ra7 17. Ne1 b6 18. Nb5 Bxb5
19. cxb5 Nd7 20. a4 Rc7 21. Rc1 Rfc8 22. Rc4 Ng5 23. f4 Nf7 24. e4 {Kucuksari,
K (2286)-Eriksson,K (2113) Lund SWE 2019 1-0 (31)}) 10. Nb5 Bd8 11. Ba3 $146 ({
RR} 11. Bb2 Ne4 12. Nc3 Ndf6 13. Nxe4 Nxe4 14. Nd2 Qg6 15. f4 Nf6 16. Qe2 Ne4
17. Rad1 h5 18. Nxe4 fxe4 19. d5 h4 20. Qe1 Qh7 21. Rd4 exd5 22. cxd5 hxg3 23.
hxg3 Bf5 24. Qb4 Bf6 25. Rd2 Bxb2 {Cao Le Phuong,T-Nguyen,T Vietnam 2002 1-0 
(36)}) 11... Ne4 12. Rc1 Ndf6 13. c5 Bd7 14. Nc3 Nxc3 15. Rxc3 Bb5 16. Re1 Re8
17. Nd2 Qxd1 18. Rxd1 d5 19. Bf1 Bxf1 20. Kxf1 Ne4 21. Nxe4 fxe4 22. Kg2 Be7
23. Bb2 Rf8 24. Rf1 Rf3 25. b4 a6 26. a4 h5 27. Rcc1 h4 28. Bc3 Bg5 29. Rce1
Kh7 30. Re2 Kg6 31. Ree1 Kh5 32. Re2 Raf8 33. Ree1 hxg3 34. hxg3 Kg4 35. Re2
R3f6 36. Rh1 Rf3 37. Rf1 Bh6 38. Rh1 Bg5 39. Rf1 R3f7 40. Rh1 Rg8 41. Rb1 Rh8
42. Rh1 Rxh1 43. Kxh1 Kf3 44. Ra2 Rf8 45. Kg1 Rb8 46. Rb2 Ra8 47. Ra2 Bf6 48.
Rb2 Re8 49. b5 axb5 50. Rxb5 Ra8 51. a5 Ra7 52. Rb1 Ke2 53. Rb5 Bd8 54. Kg2 Bf6
55. Rb3 Kd1 56. Rb2 Kc1 57. Kf1 c6 58. Ra2 Kb1 59. Rd2 Bd8 60. Rb2+ Kc1 61. Ra2
Kb1 62. Rb2+ Kc1 63. Ra2 Be7 64. Ke2 Kb1 65. Rb2+ Kc1 66. Ra2 Kb1 67. Rb2+ Kc1
68. Ra2 Kb1 1/2-1/2

[Event "II Criciúma Chess Open - A1700 - 12-18"]
[Site "Criciúma SC"]
[Date "2024.01.13"]
[Round "3.16"]
[White "Silva, Kaua Marques"]
[Black "Cardoso, Lucas Emanuel Alves"]
[Result "1-0"]
[WhiteElo "2142"]
[BlackElo "1710"]
[PlyCount "73"]
[EventDate "2024.01.12"]
[EventRounds "9"]
[EventCountry "BRA"]

1. e4 c5 2. Nf3 d6 3. Nc3 a6 4. d4 cxd4 5. Nxd4 Nf6 6. h3 e5 7. Nf3 Be7 8. g4 (
{RR} 8. Bc4 O-O 9. O-O Nc6 10. Bg5 Be6 11. Bb3 Na5 12. Bxf6 Bxf6 13. Qd3 Nxb3
14. axb3 Rc8 15. Rfd1 Rc6 16. Nd5 Bg5 17. c4 f5 18. Nc3 Be7 19. Nd2 Qe8 20. Nd5
Bd8 21. exf5 Bxf5 22. Ne4 Qg6 {Anand,V (2768)-Karjakin,S (2773) Saint Louis
USA 2018 1/2-1/2 (41)}) 8... Be6 ({RR} 8... h6 9. Rg1 b5 10. g5 hxg5 11. Nxg5
Bb7 12. Be3 Nbd7 13. a4 b4 14. Bc4 Rf8 15. Nd5 Rc8 16. Qe2 Bxd5 17. exd5 Qa5
18. Bxa6 Rc7 19. Bb5 Nxd5 20. Qd3 Nxe3 21. fxe3 b3+ 22. c3 Kd8 23. Rd1 {
Pfatteicher,L (2212)-Papadiamandis,E (2404) Baden Baden GER 2021 0-1 (35)}) 9.
g5 Nfd7 10. Be3 Qc7 $146 ({RR} 10... Nc6 11. Qd2 b5 12. O-O-O Qc7 13. Kb1 Na5
14. Nd5 Bxd5 15. exd5 Rb8 16. Nh4 g6 17. f4 Nc4 18. Bxc4 bxc4 19. c3 exf4 20.
Bd4 O-O 21. Qxf4 Qb7 22. Qf2 Qxd5 23. Ba7 Qe4+ 24. Ka1 Rbe8 25. Rhe1 {Tokarski,
B (2076)-Demidowicz,M (1982) Barlinek 2007 1/2-1/2 (68)}) 11. h4 Nc6 12. Nd5
Bxd5 13. exd5 Na5 14. b3 Rc8 15. c4 b6 16. Bd3 Nb7 17. Rc1 Nbc5 18. Bb1 a5 19.
h5 e4 20. Nd2 Nd3+ 21. Bxd3 exd3 22. Nf3 Nc5 23. a3 d2+ 24. Kxd2 a4 25. bxa4
Qa7 26. Bxc5 bxc5 27. Rb1 O-O 28. Rb5 Rfe8 29. Qb3 Qd7 30. Rg1 Qf5 31. Qd3 Qf4+
32. Kc3 Bf8 33. Kb3 Re4 34. Rh1 Rxc4 35. Rh4 Qxh4 36. Nxh4 Rxh4 37. Qf3 1-0

[Event "II Criciúma Chess Open - A1700 - 12-18"]
[Site "Criciúma SC"]
[Date "2024.01.13"]
[Round "3.17"]
[White "Burgos, Marcelo Alves"]
[Black "Dias, Clara"]
[Result "1/2-1/2"]
[WhiteElo "2130"]
[BlackElo "1717"]
[PlyCount "68"]
[EventDate "2024.01.12"]
[EventRounds "9"]
[EventCountry "BRA"]

1. d4 Nf6 2. c4 e6 3. g3 d5 4. Bg2 Be7 5. Nf3 O-O 6. O-O b6 7. cxd5 exd5 8. Nc3
Bb7 9. Bf4 Na6 10. Rc1 c5 11. dxc5 bxc5 12. Ne5 Nc7 13. Qa4 ({RR} 13. Nc4 Rc8
14. Ne3 Bd6 15. Bg5 h6 16. Bxf6 Qxf6 17. Nexd5 Bxd5 18. Bxd5 Rfd8 19. Qc2 Bxg3
20. Bxf7+ Qxf7 21. hxg3 Ne6 22. e3 h5 23. Rcd1 h4 24. gxh4 Qh5 25. Qe4 Nf8 26.
Rd5 Qh6 27. Rxd8 Rxd8 {Nester,I (2292)-Grzesik,G (2086) Lazy POL 2021 1-0 (70)}
) 13... Ne6 14. Rfd1 Nxf4 15. gxf4 Re8 $146 ({RR} 15... Rb8 16. e3 a6 17. Rc2
Qd6 18. Rcd2 Qe6 19. Nxd5 Nxd5 20. Bxd5 Bxd5 21. Rxd5 Rxb2 22. R5d2 Rxd2 23.
Rxd2 Bf6 24. Qd7 Qb6 25. Qd5 Bxe5 26. fxe5 Rc8 27. Qd7 Rb8 28. Qd6 Qb1+ 29. Rd1
Qg6+ 30. Kf1 {Chloupek,S (2350)-Neckar,L (2297) Czechia 2003 1-0 (35)}) ({RR} 
15... Qd6 16. e3 Rfd8 17. Nc4 Qe6 18. Na5 Rab8 19. Nxb7 Rxb7 20. Rd2 Rbd7 21.
Rcd1 Qg4 22. h3 Qf5 23. Ne2 h5 24. e4 dxe4 25. Rxd7 Rxd7 26. Rxd7 Qxd7 27. Qxd7
Nxd7 28. Bxe4 Bf6 29. b3 Kf8 30. Ng3 {Solovyov,V (2281)-Pershin,D (2139) St
Petersburg 2012 1/2-1/2 (46)}) ({RR} 15... Qd6 16. Nxd5 Nxd5 17. Bxd5 Bxd5 18.
e4 Qh6 19. exd5 Bd6 20. Qe4 Rae8 21. Qf5 f6 22. Nd3 g6 23. Qg4 Re4 24. Nxc5
Bxf4 25. Nxe4 f5 26. Nf6+ Kh8 27. Qf3 Qg5+ 28. Kf1 Bxc1 29. Nd7 Rd8 30. Qc3+ {
Tukmakov,V (2570)-Langeweg,K (2420) Ostend 1990 1-0 (31)}) 16. e3 Qb6 17. Qb5
Red8 18. a4 Rab8 19. Qxb6 axb6 20. Nb5 Ra8 21. b3 Bd6 22. Nc4 Be7 23. Nxb6 Ra6
24. a5 Rxa5 25. Nc3 d4 26. Nc4 Bxg2 27. Nxa5 Bf3 28. exd4 Bxd1 29. Rxd1 Rxd4
30. Re1 Bf8 31. Ne2 Rb4 32. Ra1 g6 33. Ra4 Nd5 34. Rxb4 cxb4 1/2-1/2

[Event "II Criciúma Chess Open - A1700 - 12-18"]
[Site "Criciúma SC"]
[Date "2024.01.13"]
[Round "3.18"]
[White "Frankental, David"]
[Black "Mariano, Kaiki Pereira"]
[Result "1/2-1/2"]
[WhiteElo "1939"]
[BlackElo "1700"]
[PlyCount "120"]
[EventDate "2024.01.12"]
[EventRounds "9"]
[EventCountry "BRA"]

1. d4 Nf6 2. Nf3 e6 3. g3 b6 4. Bg2 Bb7 5. O-O c5 6. dxc5 Bxc5 7. c4 O-O ({RR} 
7... d5 8. Nh4 Qc8 9. cxd5 Bxd5 10. Bxd5 Nxd5 11. e4 Ne7 12. b4 Bxb4 13. Qd4
Qc5 14. Qxg7 Rg8 15. Qf6 Nd7 16. Qb2 Qc4 17. Bd2 Bc5 18. Re1 Rc8 19. Nf3 Nc6
20. Be3 Qb4 21. Qc2 Bxe3 22. Rxe3 {Naiditsch,A (2702)-Akobian,V (2633) Caleta
2017 1/2-1/2 (62)}) 8. Nc3 d5 ({RR} 8... a6 9. Qc2 Be7 10. e4 d6 11. b3 Nbd7
12. Bb2 Rc8 13. Rac1 Qc7 14. Qe2 Qb8 15. Rfd1 Rfd8 16. Nd4 Nc5 17. b4 Ncd7 18.
Nb3 Ne5 19. Nd2 h6 20. f4 Ned7 21. h3 a5 22. a3 axb4 23. axb4 {Ronka,E (2355)
-Iljushina,O (2054) chess.com INT 2022 1-0 (52)}) 9. Nd2 $146 ({RR} 9. Ne5 Nbd7
10. Nxd7 Qxd7 11. cxd5 Nxd5 12. Nxd5 Bxd5 13. Bxd5 exd5 14. a3 a5 15. Qd3 Rfe8
16. b3 Qg4 17. Ra2 Re5 18. Bf4 Rh5 19. Qf3 Qxf3 20. exf3 Rf5 21. Kg2 Re8 22.
Rd1 h6 23. Rd3 d4 {Koksal,E (2198)-Dolnak,M (2141) Istanbul 2012 1/2-1/2 (69)})
9... Nc6 10. cxd5 exd5 11. Nb3 d4 12. Nb5 a6 13. N5xd4 Bxd4 14. Nxd4 Qxd4 15.
Qxd4 Nxd4 16. Bxb7 Nxe2+ 17. Kg2 Ra7 18. Bf3 Nxc1 19. Raxc1 Rd8 20. Rfd1 Rad7
21. Rxd7 Nxd7 22. Rd1 Kf8 23. Bg4 Ke7 24. Re1+ Kf6 25. Bxd7 Rxd7 26. Rc1 Rd6
27. Kf3 b5 28. Rc2 Ke5 29. Ke3 g6 30. Rc5+ Kf6 31. f4 h5 32. h3 Re6+ 33. Kf3
Rd6 34. Ke4 Rd2 35. Rc6+ Ke7 36. Rxa6 Rxb2 37. f5 gxf5+ 38. Kxf5 Rg2 39. Ra7+
Kd6 40. g4 hxg4 41. hxg4 Rf2+ 42. Kg5 Ke6 43. Ra3 b4 44. Re3+ Kd6 45. Re4 Rxa2
46. Rxb4 Rf2 47. Re4 Rf3 48. Re2 Rf1 49. Kh6 Rf6+ 50. Kg5 Rf1 51. Re4 Kd5 52.
Ra4 Ke6 53. Kh6 Rf6+ 54. Kh7 Rf1 55. Kg7 Rg1 56. Re4+ Kd5 57. Rf4 Ke5 58. Rf5+
Ke6 59. Rf6+ Ke5 60. g5 Rxg5+ 1/2-1/2

[Event "II Criciúma Chess Open - A1700 - 12-18"]
[Site "Criciúma SC"]
[Date "2024.01.13"]
[Round "3.19"]
[White "Medeiros, Thauane Ferreira"]
[Black "Mariani, Daniel Brandao"]
[Result "0-1"]
[WhiteElo "1842"]
[BlackElo "2040"]
[PlyCount "128"]
[EventDate "2024.01.12"]
[EventRounds "9"]
[EventCountry "BRA"]

1. d4 d5 2. Bf4 Nf6 3. Nf3 c5 4. e3 Nc6 5. Nbd2 Bg4 6. c3 e6 7. Qa4 Bxf3 ({RR} 
7... Nd7 8. Ne5 Ndxe5 9. Bxe5 cxd4 10. Nb3 f6 11. Bxd4 Bf5 12. Bb5 e5 13. Bc5
Bd7 14. Bxf8 Rxf8 15. Qh4 Qb6 16. Bxc6 Bxc6 17. Qxh7 O-O-O 18. O-O-O Rd7 19.
Rd2 Bb5 20. Rhd1 Rfd8 21. Kb1 Ba4 22. Qf5 {Naiditsch,A (2687)-Najer,E (2679)
Doha 2016 1-0 (48)}) 8. Nxf3 a6 9. Qc2 $146 ({RR} 9. Ne5 Rc8 10. Nxc6 Qd7 11.
Bd3 Rxc6 12. O-O c4 13. Be2 Bd6 14. Be5 Bxe5 15. dxe5 Ne4 16. f3 Nc5 17. Qd1
Qc7 18. f4 Qb6 19. Rb1 Ne4 20. Rf3 O-O 21. Rh3 f6 22. exf6 Rxf6 23. Qe1 Rxf4 {
Korchmar,V (2450)-Cheparinov,I (2664) Europe-Echecs INT 2022 0-1 (41)}) ({RR} 
9. Ne5 Rc8 10. Nxc6 Qd7 11. Bd3 Rxc6 12. O-O c4 13. Be2 Bd6 14. Be5 Bxe5 15.
dxe5 Ne4 16. f3 Nc5 17. Qd1 Qc7 18. f4 Qb6 19. Rb1 Ne4 20. Rf3 O-O 21. Rh3 f6
22. exf6 Rxf6 23. Qe1 Rxf4 {Korchmar,V (2450)-Cheparinov,I (2664)
Europe-Echecs INT 2022 0-1 (41)}) 9... Rc8 10. Be2 Bd6 11. dxc5 Bxc5 12. O-O
O-O 13. Bg5 h6 14. Bh4 Be7 15. a3 Ne4 16. Bxe7 Qxe7 17. Nd2 Nxd2 18. Qxd2 Na5
19. Rad1 Nc4 20. Qc2 b5 21. Rd4 Nd6 22. Bd3 f5 23. Re1 Rc6 24. Qe2 Rfc8 25. f3
Qa7 26. Kf1 Nc4 27. Bxc4 Rxc4 28. Qd3 Qc7 29. g3 Qb7 30. Kf2 a5 31. Rg1 b4 32.
axb4 axb4 33. Rxc4 Rxc4 34. Rc1 bxc3 35. bxc3 Qb3 36. Qc2 Qb6 37. Ke2 Qa6 38.
Kd2 h5 39. Rb1 Qc8 40. Rb4 Rc6 41. e4 dxe4 42. fxe4 Qd8+ 43. Ke2 Qd6 44. Qd3
Qc7 45. Kd2 f4 46. e5 fxg3 47. Qxg3 Rc5 48. Re4 Qd8+ 49. Rd4 Qa5 50. Qd3 Qa2+
51. Kd1 Qa1+ 52. Kd2 Qa2+ 53. Kd1 Rd5 54. Rxd5 Qxd5 55. Kc2 Qxd3+ 56. Kxd3 g5
57. Kd4 Kf7 58. c4 Ke7 59. Kc5 Kd7 60. Kb6 Kc8 61. Kc5 Kc7 62. h3 h4 63. Kd4 g4
64. hxg4 h3 0-1

[Event "II Criciúma Chess Open - A1700 - 12-18"]
[Site "Criciúma SC"]
[Date "2024.01.13"]
[Round "3.20"]
[White "Borger, David Lupovici"]
[Black "Pimenta, Elisandro Da Silva"]
[Result "0-1"]
[WhiteElo "1899"]
[BlackElo "1829"]
[PlyCount "56"]
[EventDate "2024.01.12"]
[EventRounds "9"]
[EventCountry "BRA"]

1. e4 c5 2. d4 cxd4 3. c3 dxc3 4. Nxc3 Nc6 5. Nf3 e6 6. Bc4 d6 7. O-O Nge7 8.
Bg5 a6 9. Bb3 ({RR} 9. a4 f6 10. Be3 Ng6 11. Nd4 Nxd4 12. Qxd4 Ne5 13. Ba2 g5
14. Kh1 Bg7 15. Rad1 Nf7 16. Qb4 Qe7 17. f4 O-O 18. f5 Kh8 19. Bb6 Re8 20. Qa3
Rf8 21. a5 Bd7 22. Bc7 exf5 23. Nd5 Qxe4 {Ricaurte Lopez,J (2353)-Alzate,D 
(2430) Cali 2001 1-0 (64)}) ({RR} 9. b4 h6 10. Bh4 g5 11. Bg3 b5 12. Bxb5 axb5
13. Nxb5 Ng6 14. Rc1 Ba6 15. Qa4 Bb7 16. Qb3 Nf4 17. Bxf4 gxf4 18. Rfd1 Rg8 19.
a4 Rc8 20. Rc2 Qf6 21. Ne1 Qe5 22. f3 Ba6 23. Nd3 Qg5 {Zaichikov,A (2202)
-Levicheva,E (2004) St Petersburg RUS 2018 0-1 (38)}) 9... h6 10. Bh4 $146 ({RR
} 10. Be3 b5 11. Qe2 Ng6 12. Rad1 Be7 13. Nd4 Nxd4 14. Bxd4 O-O 15. f4 Qc7 16.
Qh5 Kh7 17. Rd3 b4 18. Na4 Rb8 19. f5 Ne5 20. Rh3 Bf6 21. Be3 exf5 22. exf5 Rh8
23. Qe2 Bd7 24. Qd2 Ng4 {Rodriguez Cespedes,A-Wostyn,H Nice 1974 0-1}) 10... g5
11. Bg3 Ng6 12. Nd4 Be7 13. Nxc6 bxc6 14. Qh5 Bf6 15. Rfd1 Be5 16. Ba4 Bb7 17.
Rac1 Kf8 18. Ne2 Rc8 19. Nd4 Bxd4 20. Rxd4 d5 21. b4 e5 22. Rdd1 Kg7 23. h4 Qf6
24. hxg5 hxg5 25. Qg4 Nf4 26. Bb3 Qh6 27. f3 Qh1+ 28. Kf2 Qxg2+ 0-1

[Event "II Criciúma Chess Open - A1700 - 12-18"]
[Site "Criciúma SC"]
[Date "2024.01.13"]
[Round "3.21"]
[White "Jenidarchiche, Douglas Rodrigo"]
[Black "Bitencourt, Evandro Jose Dos S"]
[Result "1/2-1/2"]
[WhiteElo "1845"]
[BlackElo "1863"]
[PlyCount "99"]
[EventDate "2024.01.12"]
[EventRounds "9"]
[EventCountry "BRA"]

1. e4 c5 2. Nf3 d6 3. Bb5+ Bd7 4. Bxd7+ Qxd7 5. O-O Nc6 6. Qe2 Nf6 7. Rd1 Qc7
8. c3 e6 9. d4 cxd4 10. cxd4 d5 11. e5 $146 ({RR} 11. Nc3 dxe4 12. Nxe4 Nd5 13.
Bg5 Be7 14. Rac1 Bxg5 15. Nexg5 O-O 16. Qc2 g6 17. Ne5 Qe7 18. Qd2 Nd8 19. Ngf3
f6 20. Ng4 Nc6 21. Ne3 Rfd8 22. Qe2 Rd7 23. Rd2 Rad8 24. Re1 Kf7 25. Qc4 Qb4 {
Boulet,P (2172)-Caderon,M (2031) Montdidier 2014 0-1 (44)}) 11... Ne4 12. Nbd2
Nxd2 13. Bxd2 Be7 14. Rac1 Qb6 15. Rc3 O-O 16. Bg5 Bxg5 17. Nxg5 h6 18. Nf3
Rfc8 19. Rdc1 Ne7 20. g4 Rxc3 21. Rxc3 Rc8 22. Qc2 Rxc3 23. Qxc3 Qc6 24. Kf1
Qc4+ 25. Qxc4 dxc4 26. a4 a6 27. Nd2 b5 28. Ke2 Nd5 29. axb5 axb5 30. Ne4 Nb6
31. Nd6 b4 32. Kd2 Kf8 33. f4 Ke7 34. h4 c3+ 35. bxc3 bxc3+ 36. Kd3 Nd5 37. f5
c2 38. Kxc2 Ne3+ 39. Kd3 Nxg4 40. Ke2 h5 41. Kf3 f6 42. Kf4 fxe5+ 43. dxe5 exf5
44. Nxf5+ Kf7 45. e6+ Kxe6 46. Nxg7+ Kf7 47. Nxh5 Nf6 48. Ng3 Kg6 49. h5+ Nxh5+
50. Nxh5 1/2-1/2

[Event "II Criciúma Chess Open - A1700 - 12-18"]
[Site "Criciúma SC"]
[Date "2024.01.13"]
[Round "3.22"]
[White "Torella, Rodolfo"]
[Black "Lima, Kleyton Alcantara"]
[Result "0-1"]
[WhiteElo "1878"]
[BlackElo "2119"]
[PlyCount "50"]
[EventDate "2024.01.12"]
[EventRounds "9"]
[EventCountry "BRA"]

1. e4 e5 2. Nc3 Nf6 3. f4 d5 4. fxe5 Nxe4 5. Nf3 Be7 6. Qe2 Nc5 7. d4 Ne6 8.
Be3 c6 ({RR} 8... O-O 9. O-O-O c6 10. Qe1 Nd7 11. Bd3 f6 12. Qg3 fxe5 13. Bxh7+
Kxh7 14. Qh3+ Kg8 15. Qxe6+ Rf7 16. Nxe5 Nxe5 17. Qxe5 Bg4 18. Rde1 Bd6 19. Qg5
Qxg5 20. Bxg5 Rf2 21. g3 Bb4 22. Be3 Rf3 23. Rhf1 {Charbonneau,P (2499)
-Benjamin,J (2583) ICC INT 2008 1-0 (51)}) ({RR} 8... b6 9. Qf2 O-O 10. O-O-O
c6 11. Bd3 f6 12. Ne2 fxe5 13. dxe5 Nd7 14. Qg3 Ndc5 15. h4 Nxd3+ 16. Rxd3 Nc5
17. Bxc5 Bxc5 18. Ned4 Bxd4 19. Nxd4 c5 20. Nb5 Ba6 21. a4 Qd7 22. c4 Bxb5 23.
Rxd5 {Hadrava,J (1964)-Vit,Z (1775) Ricany 2017 1-0 (49)}) 9. Qf2 b6 $146 ({RR
} 9... O-O 10. O-O-O b5 11. h4 a5 12. Bd3 f6 13. exf6 Bxf6 14. Qg3 Qc7 15. Qxc7
Nxc7 16. Ng5 Bxg5 17. hxg5 Bf5 18. Bxf5 Rxf5 19. Rh3 Nd7 20. Rdh1 Nf8 21. Rf3
Rxf3 22. gxf3 Ng6 23. a4 b4 24. Ne2 {Schlamp,R (2317)-Schmidt,G (2064) Germany
2003 1/2-1/2 (55)}) ({RR} 9... b5 10. Bd3 Ng5 11. O-O-O Be6 12. Qg3 f6 13. exf6
gxf6 14. Bxg5 fxg5 15. Qe5 Kd7 16. Rhe1 Bg4 17. Nxd5 {1-0 (17) Dolezal,C (2424)
-Brandao,R (1998) Sao Jose de Rio Preto 2007}) 10. Be2 O-O 11. O-O-O a5 12. h4
a4 13. g4 b5 14. g5 Nd7 15. Rdg1 b4 16. Nd1 b3 17. cxb3 axb3 18. a3 c5 19. dxc5
Ndxc5 20. Bf1 Ne4 21. Qg2 Bb7 22. Nd4 Rc8+ 23. Kb1 Nxd4 24. Bxd4 Rc2 25. Qg4
Nd2+ 0-1

[Event "II Criciúma Chess Open - A1700 - 12-18"]
[Site "Criciúma SC"]
[Date "2024.01.13"]
[Round "3.23"]
[White "Lage, Pedro Ferreira"]
[Black "Cardoso, Leandro Ubialli"]
[Result "1/2-1/2"]
[WhiteElo "2100"]
[BlackElo "1842"]
[PlyCount "80"]
[EventDate "2024.01.12"]
[EventRounds "9"]
[EventCountry "BRA"]

1. Nf3 Nf6 2. g3 b6 3. Bg2 Bb7 4. O-O e6 5. c4 c5 6. d4 cxd4 7. Qxd4 d6 8. Nc3
({RR} 8. b3 a6 9. Bb2 Bxf3 10. Bxf3 Ra7 11. Rd1 Rd7 12. Nc3 {1/2-1/2 (12)
Miladinovic,I (2560)-Atalik,S (2535) Karditsa 1996}) 8... Nc6 $146 ({RR} 8...
a6 9. h3 Nbd7 10. Be3 Be7 11. Rac1 O-O 12. Rfd1 Rc8 13. b3 Qc7 14. Ne1 Bxg2 15.
Nxg2 Qb7 16. Bg5 h6 17. Bxf6 Nxf6 18. Qd3 Rc7 19. e4 Rfc8 20. Ne3 b5 21. f3 Nd7
22. cxb5 axb5 23. Kg2 {Edel,T-Brustkern,J Wiesbaden 1988 0-1}) ({RR} 8... Nbd7
9. Nb5 Nc5 10. Rd1 Nfe4 11. b4 a6 12. bxc5 axb5 13. c6 Bxc6 14. Ng5 d5 15. cxd5
Ra4 16. Qd3 Nc5 17. Qf3 f6 18. e4 Bb7 19. Nf7 Kxf7 20. dxe6+ Ke8 21. Rxd8+ Kxd8
22. Be3 Ke8 23. Qe2 {Manakova,M (2344)-Javakhishvili,L (2181) Tbilisi 1999 1-0
(36)}) ({RR} 8... a6 9. Re1 Be7 10. b3 O-O 11. e4 Nbd7 12. Qd2 Qc7 13. Bb2 Rac8
14. Qe2 Qb8 15. Rad1 Rfd8 16. Nd4 Bf8 17. g4 g6 18. Rd3 Bg7 19. h3 Ba8 20. Rdd1
Re8 21. Qd2 Red8 22. Nde2 Ne8 23. Ng3 {Hacche,D (2176)-Johansen,D (2452)
Canberra 2009 0-1 (75)}) 9. Qd2 Be7 10. Rd1 a6 11. b3 O-O 12. Ba3 Ne8 13. Ne4
Qc7 14. Nxd6 Rd8 15. Nxe8 Rfxe8 16. Qb2 Bf6 17. Qc2 Bxa1 18. Rxa1 Nd4 19. Nxd4
Rxd4 20. Bb2 Rdd8 21. Qc3 f6 22. Bh3 Qc6 23. f3 Qd6 24. Kf2 Qd2 25. Qxd2 Rxd2
26. Bc3 Rdd8 27. a4 Rc8 28. Bd4 Rc6 29. a5 bxa5 30. Rxa5 Rd8 31. Be3 Rd1 32. b4
Kf7 33. b5 axb5 34. cxb5 Rc8 35. Ra7 Rd7 36. Bg2 Ra8 37. b6 Rxa7 38. bxa7 e5
39. f4 Bxg2 40. Kxg2 Rd8 1/2-1/2

[Event "II Criciúma Chess Open - A1700 - 12-18"]
[Site "Criciúma SC"]
[Date "2024.01.13"]
[Round "3.25"]
[White "Cunha E Silva, Carlos Alberto V."]
[Black "Spritzer, Abrao Rafael"]
[Result "1-0"]
[WhiteElo "1984"]
[BlackElo "1811"]
[PlyCount "57"]
[EventDate "2024.01.12"]
[EventRounds "9"]
[EventCountry "BRA"]

1. e4 c5 2. Nf3 g6 3. d4 cxd4 4. Nxd4 Bg7 5. Be3 Nc6 6. Nc3 Nf6 7. Be2 O-O 8.
Qd2 d6 9. f3 d5 10. Nxc6 bxc6 11. O-O-O Qa5 ({RR} 11... Be6 12. e5 Nd7 13. f4
f6 14. exf6 Bxf6 15. Bf3 Qa5 16. Bd4 Nb6 17. Qe3 Bf7 18. Be2 Rac8 19. a3 c5 20.
Bxf6 exf6 21. Qf2 d4 22. Ne4 Bd5 23. Bf3 Bxe4 24. Bxe4 f5 25. Bf3 Na4 26. Bd5+
{Long,S (1529)-Pian,J Changsha CHN 2019 1/2-1/2}) 12. e5 $146 ({RR} 12. a3 Be6
13. exd5 cxd5 14. Nb5 Qd8 15. Bxa7 Qd7 16. Qe3 Rfc8 17. g4 Ne8 18. Bd4 f6 19.
Rhe1 Bf7 20. f4 Rcb8 21. Qd3 e5 22. fxe5 fxe5 23. Bc5 Ra5 24. c4 Qc6 25. b4
dxc4 26. Qd7 Qxb5 {Burriel Sanchez,F-Ballester Sanz,J (2195) Spain 1997 0-1 
(45)}) ({RR} 12. exd5 cxd5 13. Bd4 Rb8 14. b3 Be6 15. g4 Rfc8 16. Kb2 Qc7 17.
Ba6 Rd8 18. h4 Bc8 19. Bd3 e5 20. Qh2 Ne8 21. Bf2 Qc6 22. Be1 Be6 23. h5 e4 24.
Be2 Rbc8 {1-0 (24) Torvi,M-Aura,K Finland 1997}) ({RR} 12. Bh6 Rb8 13. Bxg7
Kxg7 14. e5 Nd7 15. h4 h6 16. h5 g5 17. a3 Qc7 18. f4 gxf4 19. e6 Nf6 20. g3
Qb6 21. Qxf4 Bxe6 22. Na4 Qd8 23. Bf3 Qd6 24. Qd4 Rfc8 25. Nc5 Bf5 26. Rde1 Kh7
{Posa,N (2240)-Deutschmann,M Budapest 1999 1-0 (43)}) 12... Nd7 13. f4 f6 14.
exf6 Bxf6 15. Bd4 Rb8 16. Bxf6 Nxf6 17. h4 Be6 18. Qe3 Bf5 19. h5 Qb4 20. b3
Qa3+ 21. Kd2 d4 22. Bc4+ Kh8 23. Qe5 dxc3+ 24. Ke1 Rfd8 25. hxg6 Rxd1+ 26. Kxd1
Bg4+ 27. Be2 Rd8+ 28. Ke1 Rd2 29. Rxh7+ 1-0